000 00465nam a2200157Ia 4500
008 090711s9999 xx 000 0 und d
082 _b60794
100 _aपाठकशास्त्री
245 _aप्रतिज्ञा
260 _c1967
600 _aपाठकशास्त्री
630 _aप्रतिज्ञा
700 _aपाठकशास्त्री
730 _aप्रतिज्ञा
942 _cBOOK
999 _c323311
_d323311